000 00535nam a2200205Ia 4500
008 230125s9999 xx 000 0 und d
020 _a81-7314-028-6
041 _aeng
082 _a658.314
_bTOW
100 _aTownsend J
245 _aManagers pocket book
260 _c1997
_bResearch press
_aMadras
300 _a110p
440 _aPocketbook
500 _aexecutive management
500 _aExecutive management;Series Book;Pocket Book Series Book
650 _aManagement
700 _aTownsend J
999 _c88145
_d88145